000 01489nam a2200241Ia 4500
003 Ost
005 20260507075322.0
008 260507s9999||||xx |||||||||||||| ||und||
020 _a23627099579
040 _cfsecg
041 _aara
082 _a330.121
100 _aالقضاة، معن خالد
_eمؤلف
245 0 _aالأمن الاقتصادي من منظور إسلامي /
_c معن خالد القضاة
260 _aاربد:
_bعالم الكتب الحديث,
_c2011
300 _a161 صفحة؛
_bإيضاحات ؛
_c24 سم
504 _aببليوغرافيا: ص.153
520 _aالتعريف بالأمن الاقتصادي و مصادره المصادر الاقتصادي، المصادر العسكرية، المصادر الاجتماعية، المصادر الروحية، تصحيح المفاهيم الخاطئة، المحافطة على الأمن الغذائي، الوعظ بقصص الأمم السابقة ، توثيق المعاملات و ضبطها، اعتماد الخطاب الأخلاقي، ايقاع العقوبة على المخالفين، منع بعض المعاملات، مجالات الأمن الغذائي، مسؤولية الدولة، المسؤولية الاجتماعية، المسؤولية الاجتماعية المشتركة و نظام الميراث
653 _aالإقتصاد الإسلامي
653 _aالأمن الصناعي
653 _aالأمن القومي
942 _cكتاب
999 _c43934
_d43934